000 00746nam a2200181Ia 4500
008 090711s9999 xx 000 0 und d
082 _b1901
100 _aसायमन / मिटन जॅकलीन
245 _aऑक्सफर्ड खगोलशास्त्र
260 _bऑक्सफर्ड युनिव्हर्सिटी प्रेस
_c1999
300 _a160
600 _aसायमन / मिटन जॅकलीन
630 _aऑक्सफर्ड खगोलशास्त्र
700 _aसायमन / मिटन जॅकलीन
700 _aसोवनी रा. वि.
730 _aऑक्सफर्ड खगोलशास्त्र
942 _cBOOK
999 _c336893
_d336893